LEADER 01209nas 2200397- 450 001 996404421603316 005 20211009213025.0 011 $a2634-9876 035 $a(OCoLC)1222782531 035 $a(CKB)4900000000509334 035 $a(CONSER)--2021221017 035 $a(EXLCZ)994900000000509334 100 $a20200716a20149999 --- a 101 0 $aeng 135 $aur||||||||||| 181 $2rdacontent 182 $2rdamedia 183 $2rdacarrier 200 00$aCambridge educational research e-journal 210 1$aCambridge :$cFaculty of Education, University of Cambridge,$d2020- 215 $a1 online resource 300 $aRefereed/Peer-reviewed 517 3 $aCERJ 606 $aEducation$xResearch$zGreat Britain$vPeriodicals 606 $aEducation$xResearch$2fast$3(OCoLC)fst00902743 607 $aGreat Britain$2fast 608 $aPeriodicals.$2fast 608 $aPeriodicals.$2lcgft 615 0$aEducation$xResearch 615 7$aEducation$xResearch. 676 $a370 712 02$aUniversity of Cambridge.$bFaculty of Education, 906 $aJOURNAL 912 $a996404421603316 996 $aCambridge educational research e-journal$92578918 997 $aUNISA LEADER 01375nam2 2200325 i 450 001 USM1604018 005 20251003044435.0 010 $a8834863747 020 $aIT$b2006-3999 100 $a20220608d2006 ||||0itac50 ba 101 | $aita 102 $ait 181 1$6z01$ai $bxxxe 182 1$6z01$an 183 1$6z01$anc$2RDAcarrier 200 1 $aˆ11: ‰Diritto agrario$fAlberto Germanò, Eva Rook Basile 210 $aTorino$cG. Giappichelli$d[2006] 215 $aXIX, 492 p.$d25 cm. 461 1$1001UBO2951508$12001 $aTrattato di diritto privato dell'Unione europea$fdiretto da Gianmaria Ajani e Gian Antonio Benacchio$v11 606 $aDiritto agrario$xItalia$2FIR$3UFIC041757$9E 676 $a343.45076$9DIRITTO IN MATERIA DI AGRICOLTURA E DELL'INDUSTRIA AGRICOLA. ITALIA$v23 700 1$aGermanò$b, Alberto$3CFIV022094$4070$0405168 701 1$aRook Basile$b, Eva$3CFIV048488$4070$077961 801 3$aIT$bIT-000000$c20220608 850 $aIT-BN0095 912 $aUSM1604018 950 2$aBiblioteca Centralizzata di Ateneo$cv. 5,6-7(2. copia); 11(2. copia); 13(2. copia)$d 01TRA 23 TRADDP$e 01 0000002885 VMA A4(0011 v. 11 (Precedente collocazione: BCA SC. SOCIAL 851 (0011)$fB $h20220608$i20220608 977 $a 01 996 $aDiritto agrario$9730443 997 $aUNISANNIO